| 000 | 01644nam0a2200325 4500 | ||
|---|---|---|---|
| 001 | RU\NLR\bibl\487242 | ||
| 005 | 20260407151652.0 | ||
| 010 |
_a5-87309-293-1 _9100 |
||
| 035 | _a(NLR Aleph) 000479940 | ||
| 090 |
_a1047261 _c1047261 |
||
| 100 | _a20030109d2002 |||y0rusy50 ca | ||
| 101 | 0 | _arus | |
| 102 | _aRU | ||
| 105 | _ay ||||||||| | ||
| 200 | 1 |
_aРоссия на рубеже веков: история и современность _eСб. докл. и тез. Всерос. науч.-теорет. конф., 19 апр. 2002 г. _f[Редкол.: В.А. Динес (отв. ред.) и др.] |
|
| 210 |
_aСаратов _cСГСЭУ _d2002 |
||
| 215 |
_a238,[1] с. _d20 |
||
| 300 | _aВ надзаг.: М-во образования Рос. Федерации, Сарат. гос. соц.-экон. ун-т | ||
| 320 | _aБиблиогр. в подстроч. примеч. | ||
| 607 |
_aСССР _jСъезды, совещания и т.п. _xИстория _z19 - 20 вв. _91492506 _3RU\NLR\auth\66642818 |
||
| 607 |
_aРоссия _jСъезды, совещания и т.п. _xИстория _z19 - 20 вв. _92086775 _3RU\NLR\auth\661262920 |
||
| 686 | _aТ3(2)5я431 | ||
| 686 | _aТ3(2)7я431 | ||
| 702 | 1 |
_4070 _8rus _7ca _aДинес _bВ.А. _f1948- _gВладимир Александрович _3RU\NLR\auth\7723197 _96251 |
|
| 712 | 0 | 2 |
_4570 _aСаратовский государственный социально-экономический университет _3RU\NLR\AUTH\8810029631 _9557838 |
| 801 | 0 |
_aRU _bNLR _c20040205 _gPSBO |
|
| 801 | 1 |
_aRU _bNLR _c20040205 |
|
| 942 | _cBOOK | ||
| 980 | _aNB | ||